Los tratos preliminares en el contrato de franquicia
Spremljeno u:
| Glavni autor: | |
|---|---|
| Format: | Knjiga |
| Jezik: | španjolski |
| Izdano: |
Pamplona
Aranzadi
2000
|
| Serija: | Colección Monografías Aranzadi, 49
|
| Teme: | |
| Oznake: |
Dodaj oznaku
Bez oznaka, Budi prvi tko označuje ovaj zapis!
|
MARC
| LEADER | 00000nam a2200000 a 4500 | ||
|---|---|---|---|
| 001 | UCL9422 | ||
| 003 | CL-VaPUC | ||
| 008 | 040806e20000000SP |||||||||||||||||spa|d | ||
| 020 | |a 848410463X | ||
| 082 | 0 | 4 | |a 346.4602 |b RUI |2 21 |
| 100 | 0 | |a Ruiz Peris, Juan Ignacio |e author |9 487252 | |
| 245 | 1 | 4 | |a Los tratos preliminares en el contrato de franquicia |
| 300 | |a 318 p | ||
| 942 | |c BK | ||
| 945 | |d 20040806 00:00:00 |a cmena | ||
| 260 | |a Pamplona |b Aranzadi |c 2000 | ||
| 650 | 0 | |a Derecho civil español |9 390729 | |
| 650 | 0 | |a Derecho mercantil |9 371888 | |
| 650 | 0 | |a Contratos |9 255153 | |
| 650 | 0 | |a Obligaciones contractuales |9 386117 | |
| 650 | 0 | |a Franquicias |9 345093 | |
| 651 | 0 | |a España |9 254926 | |
| 583 | |a last modification |c 20130608 02:15:31 |k Rodrigo Vera | ||
| 490 | 0 | |a Colección Monografías Aranzadi, 49 | |
| 999 | |c 310216 |d 310214 | ||
| 952 | |0 0 |1 0 |4 0 |6 346_460200000000000_RUI_2000 |7 0 |8 A |9 378474 |a BIBDER |b BIBDER |d 2019-11-21 |i 4045912 |l 1 |o 346.4602 RUI 2000 |p 4045912 |r 2024-11-04 |s 2024-11-04 |w 2019-11-21 |y BK |k DER | ||